• 首页
  • 本馆介绍
  • 公告通知
  • 最新文献
  • 馆藏检索
  • 电子资源
  • 读者导购
  • 参考咨询
  • 我的图书馆
  • 登录
  • 详细信息显示
  • 放入我的书架
  • 预约/预借图书
  • 作者相关作品
  • 分类相关作品
  • 丛书相关作品
  • 出版社相关作品

书目信息

  • 表格格式
  • 工作单格式
  • 卡片格式
题名:
形而上学、理性与辩证法
    
 
作者: 王天成, 著
分册:  
出版信息: 北京   中国社会科学出版社  2018
页数: 315页
开本: 24cm
丛书名: 吉林大学哲学基础理论研究中心研究员自选集
单 册:
中图分类: B015-53
科图分类:
主题词: 辩证法--bian zheng fa--文集
电子资源:
ISBN: 978-7-5203-3021-3
000 01474nam 2200277 450
001 012001008453
005 20131022174752.0
010    @a978-7-5203-3021-3@dCNY88.00
099    @aCAL 012018139246
100    @a20181105d2018 em y0chiy50 ea
101 0  @achi
102    @aCN@b110000
105    @ay z 000yy
106    @ar
200 1  @a形而上学、理性与辩证法@Axing er shang xue、 li xing yu bian zheng fa@f王天成著
210    @a北京@c中国社会科学出版社@d2018
215    @a315页@c图@d24cm
225 2  @a吉林大学哲学基础理论研究中心研究员自选集@Aji lin da xue zhe xue ji chu li lun yan jiu zhong xin yan jiu yuan zi xuan ji
314    @a王天成(1955-),吉林大学哲学基础理论研究中心暨哲学社会学院教授,中华全国外国哲学史学会理事。
330    @a本书主要涉及在本体论意义上对辩证法的思考。包括西方理性精神、形而上学、辩证法、理性思维方式以及与中国思维方式比较等研究文章。其实都是在形而上学的视野中所做的研究,也都涉及辩证法。可命名为形而上学、理性与辩证法研究。也可以用本体论与辩证法研究、思辨哲学研究等等名目。观点涉及形上之知、形上体验、理性、自由、生命等等的辩证法。从表现形式上看文章涉及两大块,一个是历史的思考,主要是德国古典哲学特别是黑格尔。另一个是理论的建构,涉及辩证法的有效性领域、辩证法的形态等问题。
410  0 @12001 @a吉林大学哲学基础理论研究中心研究员自选集
606 0  @a辩证法@Abian zheng fa@j文集
690    @aB015-53@v5
701  0 @a王天成,@AWang Tiancheng@f1955-@4著
801  0 @aCN@b上海新华@c20191020
905    @b1180931-5@dB015-53@e323@f5
    
    形而上学、理性与辩证法/王天成著.-北京:中国社会科学出版社,2018
    315页:图;24cm.-(吉林大学哲学基础理论研究中心研究员自选集)
    
    
    ISBN 978-7-5203-3021-3:CNY88.00
    本书主要涉及在本体论意义上对辩证法的思考。包括西方理性精神、形而上学、辩证法、理性思维方式以及与中国思维方式比较等研究文章。其实都是在形而上学的视野中所做的研究,也都涉及辩证法。可命名为形而上学、理性与辩证法研究。也可以用本体论与辩证法研究、思辨哲学研究等等名目。观点涉及形上之知、形上体验、理性、自由、生命等等的辩证法。从表现形式上看文章涉及两大块,一个是历史的思考,主要是德国古典哲学特别是黑格尔。另一个是理论的建构,涉及辩证法的有效性领域、辩证法的形态等问题。
●
相关链接 在E读中查询图书 在五车中查询图书 在当当中查询图书 在豆瓣中查询图书


正题名:形而上学、理性与辩证法     索取号:B015-53/323         预约/预借

序号 登录号 条形码 馆藏地/架位号 状态 备注
1 1180931   211809319   第一样本阅览室/ [索取号:B015-53/323] 在馆    
2 1180932   211809328   第一借阅区/ [索取号:B015-53/323] 在馆    
3 1180933   211809337   第一借阅区/ [索取号:B015-53/323] 在馆    
4 1180934   211809346   第一借阅区/ [索取号:B015-53/323] 在馆    
5 1180935   211809355   第一借阅区/ [索取号:B015-53/323] 在馆    
唐山师范学院图书馆 欢迎您!
大连网信软件有限公司© 版权所有